000 01743nam a2200217Ia 4500
001 b7062-51307
003 IT-MiCISF
008 161014s9999||||xx |||||||||||||| ||und||
040 _aIT-MiCISF
_cIT-MiCISF
041 _ait
100 _aMilgrom Jeannette
245 0 _aDiventiamo mamma e papà
_bManuale pratico: dalla gravidanza al primo anno di vita del bambino
250 _a1a ed.
260 _a Trento
_bErickson
_c2012 [Edizione originale: 2009]
300 _app. 216
500 _aEricksen J., Leigh B., Romeo Y., Loughin E., McCarthy R., Saunders B. / genitorialità, gravidanza, nascita, coppia, parto, primo-figlio, madre, padre, depressione, famiglia, cura, periodo-neonatale / I testi di preparazione alla genitorialità sembrano concentrarsi principalmente sugli aspetti fisici della gravidanza, dello sviluppo del feto e della cura del bambino. Si tratta di una prospettiva limitata, perché non prende in considerazione le difficoltà emozionali e psicologiche che possono insorgere in chi sta per diventare mamma e papà o lo è diventato da poco. Questo volume - ideato come un manuale di auto-aiuto - si propone, dunque, di aiutare i genitori ad affrontare le difficili sfide connesse a questo nuovo ruolo così complesso, con l'obiettivo di valorizzare la loro relazione con il bambino, rafforzando allo stesso tempo l'unione all'interno della coppia. Grazie a numerose esemplificazioni e suggerimenti pratici, fornisce alle coppie in attesa, specie se del primo figlio, strumenti di facile utilizzo per affrontare con serenità questo importante momento della propria vita.
650 _a Genitorialità e problemi educativi / genitorialità
_e004
700 _aAA.VV.
942 _cBK
957 _71
999 _a51307
_bsi
_g1
_c209918
_d209918